|
|
|
|
| LEADER |
00653nab a2200169 i 4500 |
| 001 |
misc9550 |
| 005 |
20191106143430.0 |
| 008 |
170607s1916 hu o 0|| hun d |
| 022 |
|
|
|a 0025-0260
|
| 040 |
|
|
|a SZTE Miscellanea Repozitórium
|b hun
|
| 041 |
|
|
|a hun
|
| 245 |
0 |
2 |
|a A természetrajz tanítása és a háború
|h [elektronikus dokumentum] :
|b [cikkismertetés]
|
| 260 |
|
|
|c 1916
|
| 300 |
|
|
|a 89
|
| 490 |
0 |
|
|a Magyar pedagógia : a Magyar Tudományos Akadémia Pedagógiai Bizottságának folyóirata
|v 25
|
| 695 |
|
|
|a Természetrajz tanítása Németország 1916, Lapszemle
|
| 856 |
4 |
0 |
|u http://misc.bibl.u-szeged.hu/9550/1/mp_1916_2311_089.pdf
|z Dokumentum-elérés
|